• 首页
  • 本馆介绍
  • 公告通知
  • 最新文献
  • 馆藏检索
  • 电子资源
  • 读者导购
  • 参考咨询
  • 我的图书馆
  • 登录
  • 详细信息显示
  • 放入我的书架
  • 预约/预借图书
  • 作者相关作品
  • 分类相关作品
  • 丛书相关作品
  • 出版社相关作品

书目信息

  • 表格格式
  • 工作单格式
  • 卡片格式
题名:
西方现代舞史纲
    
 
作者: 刘青弋 著
分册:  
出版信息: 上海   上海音乐出版社  2004
页数: 446页
开本: 23cm
丛书名: 舞蹈学科应用与基础理论教材系列
单 册:
中图分类: J732.6
科图分类:
主题词: 现代舞蹈--舞蹈史--西方国家--高等学校--教材 , 舞蹈史
电子资源:
ISBN: 7-80667-445-4
000 01099oam2 2200289 450
001 0900000030169
005 20070109152054.54
010    @a7-80667-445-4@dCNY48.00
100    @a20050422e20052004ekmy0chiy0120 ea
101 0  @achi@deng@eeng
102    @aCN@b310000
105    @aa z 000yy
200 1  @a西方现代舞史纲@9xi fang xian dai wu shi gang@f刘青弋著@Fliu qing yi zhu
210    @a上海@c上海音乐出版社@d2004@h2005重印
215    @a446页@c图@d23cm
225 2  @a舞蹈学科应用与基础理论教材系列@i现代舞学科系列
300    @a北京市高等教育精品教材立项项目
300    @a普通高等教育“十五”国家级规划教材
330    @a本书主要内容包括:20世纪前期的西方现代舞;先驱一代舞蹈家的舞蹈;奠基一代舞蹈家的舞蹈;20世纪后期的西方现代舞;第二代舞蹈家的舞蹈;新先锋派舞蹈家的舞蹈;欧洲舞蹈家的舞蹈剧场。
461  0 @12001 @a舞蹈学科应用与基础理论教材系列
462  0 @12001 @a现代舞学科系列
606 0  @a现代舞蹈@x舞蹈史@y西方国家@x高等学校@j教材
606 0  @a舞蹈史
690    @aJ732.6@v4
701  0 @a刘青弋@Aliu qing yi@4著
801  0 @aCN@bCXYBOOK@c20070109
905    @a10447@dJ732.6@e53
    
    西方现代舞史纲/刘青弋著.-上海:上海音乐出版社,2004(2005重印)
    446页:图;23cm.-(舞蹈学科应用与基础理论教材系列.现代舞学科系列)
    北京市高等教育精品教材立项项目.-普通高等教育“十五”国家级规划教材
    
    ISBN 7-80667-445-4:CNY48.00
    本书主要内容包括:20世纪前期的西方现代舞;先驱一代舞蹈家的舞蹈;奠基一代舞蹈家的舞蹈;20世纪后期的西方现代舞;第二代舞蹈家的舞蹈;新先锋派舞蹈家的舞蹈;欧洲舞蹈家的舞蹈剧场。
●
相关链接 在E读中查询图书 在五车中查询图书 在当当中查询图书 在豆瓣中查询图书


正题名:西方现代舞史纲     索取号:J732.6/53         预约/预借

序号 登录号 条形码 馆藏地/架位号 状态 备注
1 0371612   203716121   第一样本阅览室/ [索取号:J732.6/53] 在馆    
2 0371613   203716130   第一借阅区/ [索取号:J732.6/53] 在馆    
3 0371614   203716149   第一借阅区/ [索取号:J732.6/53] 在馆    
4 0603227   206032274   第一借阅区/ [索取号:J732.6/53] 在馆    
5 0603228   206032283   第一借阅区/ [索取号:J732.6/53] 在馆    
6 0603229   206032292   第一借阅区/ [索取号:J732.6/53] 在馆    
唐山师范学院图书馆 欢迎您!
大连网信软件有限公司© 版权所有